000 00492nam a22001937a 4500
020 _a9781292061221
082 _a629.895 PHI
100 _aCharles L. philips
245 _aDigital control system analysis and design
250 _a4th ed.
260 _aBoston
_bPearson
_c2015
300 _a528p.
650 _aDigital control systems
650 _aElectric filters
650 _aIntel 8080 (microprocessors)
700 _aH. Troy Nagle
700 _aAranya Chakrabortty
942 _cBK
999 _c13754
_d13754